जब चाँद नीला था:विज्ञानपरक काल्पनिक कथाए/ (Record no. 199282)

MARC details
000 -LEADER
fixed length control field 00993nam a22002057a 4500
005 - DATE AND TIME OF LATEST TRANSACTION
control field 20231129104434.0
010 ## - LCCN (DPL NO)
LC control number HIN-126416
020 ## - INTERNATIONAL STANDARD BOOK NUMBER
International Standard Book Number 9788123792781
Terms of availability 200.00
035 ## - SYSTEM CONTROL NUMBER
System control number HN-98762
037 ## - SOURCE OF ACQUISITION
Source of stock number/acquisition DBAD/PUB.
082 ## - DEWEY DECIMAL CLASSIFICATION NUMBER
Classification number
100 ## - MAIN ENTRY--PERSONAL NAME
Personal name दत्ता,सुकन्या
245 ## - TITLE STATEMENT
Title जब चाँद नीला था:विज्ञानपरक काल्पनिक कथाए/
Statement of responsibility, etc सुकन्या दत्ता
250 ## - EDITION STATEMENT
Edition statement 1
260 ## - PUBLICATION, DISTRIBUTION, ETC. (IMPRINT)
Name of publisher, distributor, etc राष्टीय पुस्तक न्यास
Date of publication, distribution, etc 2020
Place of publication, distribution, etc नई दिल्ली
270 ## - ADDRESS
Address नेहरु भवन, 5 इंस्टीट्यूशनल एरिया फेज-II वसंत कुंज
City नई दिल्ली
Postal code 110070
300 ## - PHYSICAL DESCRIPTION
Extent 173 पृष्ट;
Dimensions 22 सेमी (अजिल्द)
710 ## - ADDED ENTRY--CORPORATE NAME
Corporate name or jurisdiction name as entry element गर्ग,लक्ष्मीनारायण
Relator term अनुवाद
9 (RLIN) 59164
942 ## - ADDED ENTRY ELEMENTS (KOHA)
Institution code [OBSOLETE] DPL
Item type Hindi Books
Source of classification or shelving scheme Dewey Decimal Classification
Classification part
Call number suffix दत्तासु
Holdings
Withdrawn status Lost status Not for loan Collection code Home library Current library Date acquired Source of acquisition Cost, normal purchase price Full call number Barcode Copy number Cost, replacement price Koha item type
      Fiction Vinoba Puri Vinoba Puri 29/11/2023 DBAD/PUB 200.00 क दत्तासु HN-98762 1 200.00 Hindi Books

© Delhi Public Library
Hit Counter
free hit counter